000 00210 a2200097 4500
001 14303
100 _aScheffler, I
245 _aReason teaching
260 _aLondon
_bRoutledge Kegan
_c
090 _c11213
_d11213
942 _aNUST-CAE
_cM
_c1352
999 _c249376
_d249376